| 000 | 00341nam a2200145 a 4500 | ||
|---|---|---|---|
| 008 | 001024s1955||||xx 0 und c | ||
| 040 |
_aSNK _bslo _cSNK _eAACR2 |
||
| 100 | 1 | _aVasina-Grossman, V. | |
| 245 | 1 | 0 | _aPrvá kniha o hudbe |
| 260 |
_aMartin _bOsveta _c1955 |
||
| 300 | _a110 s. | ||
| 020 | _c9,80 | ||
| 044 |
_axo _cSK |
||
| 041 | _aslo | ||
| 999 |
_c15212 _d15212 |
||